UITU Library & LRC     

Anytime Order Household Goods (Record no. 32332)

MARC details
000 -LEADER
fixed length control field 00582nam a2200145Ia 4500
008 - FIXED-LENGTH DATA ELEMENTS--GENERAL INFORMATION
fixed length control field 260210s9999 xx 000 0 und d
024 ## - OTHER STANDARD IDENTIFIER
Standard number or code 15B-023-CS, 15B-094-CS, 15B-061-CS & 15B-040-CS
082 ## - DEWEY DECIMAL CLASSIFICATION NUMBER
Classification number 004.72072 MUH
100 ## - MAIN ENTRY--PERSONAL NAME
Personal name Muhammad Anas Khan, Arham Ahmed, Mansoor Asad & Hafiz Hamza Imdad
245 #0 - TITLE STATEMENT
Title Anytime Order Household Goods
260 ## - PUBLICATION, DISTRIBUTION, ETC.
Place of publication, distribution, etc. Karachi:
Name of publisher, distributor, etc. UITU,
Date of publication, distribution, etc. 2015
600 ## - SUBJECT ADDED ENTRY--PERSONAL NAME
Personal name Computer Science
650 ## - SUBJECT ADDED ENTRY--TOPICAL TERM
Topical term or geographic name entry element Bachelor of Computer Science (BS)
856 ## - ELECTRONIC LOCATION AND ACCESS
Uniform Resource Identifier <a href="https://drive.google.com/file/d/1-nr31TA_DaXy2nVNq_7p-pGwh77CQ7Er/view?usp=sharing">https://drive.google.com/file/d/1-nr31TA_DaXy2nVNq_7p-pGwh77CQ7Er/view?usp=sharing</a>
Link text Click here for PDF

No items available.

Powered by Koha